Subdivisions of the Ottoman Empire in 1593 with a Map - Statistics

General Stats
  • This quiz has been taken 4,068 times
    3,908 since last reset
  • The average score is 24 of 124
Answers on the Map
Answers color-coded by a green-red scale on the quiz's map according to % correct below.
 
Answer Stats
Eyalets % Correct
Egypt
91%
Constantinople
86%
Crimean Khanate
83%
Tunis
82%
Cyprus
77%
Algiers
73%
Bosnia
73%
Yemen
73%
Moldavia
72%
Tripolitania
72%
Wallachia
72%
Tripoli
71%
Anah
62%
Baghdad
61%
Syria
60%
Transylvania
60%
Anatolia
59%
Lebanon
58%
Habesh
54%
Mecca
54%
Rûm
46%
Aleppo
41%
Basra
41%
Mosul
40%
Trebizond
39%
Aceh
38%
Rumelia
36%
Montenegro
34%
Abkhazia
31%
Yerevan
31%
Ragusa
30%
Budin
28%
Van
28%
Barqa
27%
Ramadanids
26%
Karaman
25%
Tabriz
24%
Erzurum
22%
Fezzan
22%
Dobruja
21%
Shirvan
21%
Dagestan
20%
Diyarbekir
18%
Kars
17%
Rakka
15%
Archipelago
13%
Bani Khalid
12%
Kefe
12%
Dulkadir
11%
Imereti
10%
Temeşvar
10%
Bitlis
9%
Aussa
8%
Ganja
8%
Kakheti
8%
Arabistan
7%
Eğri
7%
Funj
7%
Hakkari
7%
Kartli
7%
Lorestan
7%
Mani
7%
Mingrelia
7%
Budzhak Horde
6%
Lesser Nogai Horde
6%
Mount Athos
6%
Mzab
6%
Tuggurt
6%
Childir
5%
Svaneti
5%
Tarki
5%
Ardalan
4%
Beni Abbas
4%
Guria
4%
Jabal al Gharbi
4%
Kilis
4%
Shushan
4%
Sigetvar
4%
Ahlat
3%
Al-Khums
3%
Banu Na'il
3%
Bohtan
3%
Genç
3%
Jabal al Akhdar
3%
Kathiri
3%
Kuku
3%
Laghouat
3%
Mirdita
3%
Ochakov Horde
3%
Soran
3%
Souli
3%
Amadiya
2%
Awlad Sidi Shaykh
2%
Bagu
2%
Başkale
2%
Çermik
2%
Dawawida
2%
Eğil
2%
Göksun
2%
Hanyan
2%
Hazro
2%
Hezzo
2%
Hoşap
2%
Kulp
2%
Livani
2%
Mokryan
2%
Mox
2%
Ouargla
2%
Pertakrek
2%
Sağman
2%
Sahari
2%
Shabaukr
2%
Shahrizor
2%
Şirvan
2%
Tomarza
2%
Vostan
2%
Zagori
2%
Zenata
2%
Alashkert
1%
Pertek
1%
Qaradegh
1%
Şavşat
1%
Savur
1%
Shatak
1%
No matching quizzes found
Score Distribution
Percent of People with Each Score
Percentile by Number Answered
Your Score History
You have not taken this quiz since the last reset